Performance management : (Record no. 18099)
[ view plain ]
| 000 -LEADER | |
|---|---|
| fixed length control field | 00799nam a22001937a 4500 |
| 003 - CONTROL NUMBER IDENTIFIER | |
| control field | OSt |
| 005 - DATE AND TIME OF LATEST TRANSACTION | |
| control field | 20140310183000.0 |
| 008 - FIXED-LENGTH DATA ELEMENTS--GENERAL INFORMATION | |
| fixed length control field | 130208t xxu||||| |||| 00| 0 eng d |
| 020 ## - INTERNATIONAL STANDARD BOOK NUMBER | |
| International Standard Book Number | 9789715064996 |
| 050 ## - LIBRARY OF CONGRESS CALL NUMBER | |
| Classification number | HD 30.65 |
| Item number | .C112 2008 |
| 100 ## - MAIN ENTRY--PERSONAL NAME | |
| Personal name | Cabanda, Emilyn C. |
| 245 ## - TITLE STATEMENT | |
| Title | Performance management : |
| Statement of responsibility, etc | editor Emilyn C. Cabanda ; associate editors, Ma. Socorro P. Calara, Mary Caroline N. Castano, Ramon C. Posadas editor Emilyn C. Cabanda ; associate editors, Ma. Socorro P. Calara, Mary Caroline N. Castano, Ramon C. Posadas |
| Remainder of title | applications of data envelopment analysis in the Philippine setting / |
| 260 ## - PUBLICATION, DISTRIBUTION, ETC. (IMPRINT) | |
| Place of publication, distribution, etc | Manila ; |
| Name of publisher, distributor, etc | University of Santo Tomas Pub. House, |
| Date of publication, distribution, etc | 2008. |
| 300 ## - PHYSICAL DESCRIPTION | |
| Extent | 468 p. : |
| Dimensions | 23 cm. |
| Other physical details | ill. ; |
| 521 ## - TARGET AUDIENCE NOTE | |
| Target audience note | |
| 562 ## - COPY AND VERSION IDENTIFICATION NOTE | |
| Number of copies | 1 |
| 942 ## - ADDED ENTRY ELEMENTS (KOHA) | |
| Source of classification or shelving scheme | Library of Congress Classification |
| Koha item type | Books |
| Call number prefix | Local |
| Withdrawn status | Lost status | Source of classification or shelving scheme | Damaged status | Home library | Current library | Shelving location | Date acquired | Total Checkouts | Full call number | Barcode | Date last seen | Copy number | Price effective from | Koha item type |
|---|---|---|---|---|---|---|---|---|---|---|---|---|---|---|
| Library of Congress Classification | College Library | College Library | General Circulation Section | 02/08/2013 | HD 30.65 .C112 2008 | C13161 | 05/15/2018 | 1 | 02/08/2013 | Books |